000 01121nam a22003617a 4500
001 BR8401951
003 BR-BrBNA
005 20230928091913.0
007 ta
008 230509b bl.||||| |||| 00| 0 por d
040 _aBR-BrBNA
_bpor
_cBiblioteca Nacional de Agricultura
041 _a(Por)
072 _aE15; F00
_b0120
_b0170
_b/G514
090 _ 0120 BR8401951
110 1 _aFederacao das Cooperativas de Trigo e Soja do Rio Grande do Sul Ltda., Porto Alegre (Brasil)
_94625
245 1 _aCusto de producao. Lavoura mecanizada - milho, sorgo. Lavoura convencional - milho. Estimativa safra 1984/85 [Rio Grande do Sul, Brasil]
_bEstudo v. 4(5)junho/84
260 3 _aPorto Alegre, RS (Brasil):
_c1984.
300 _a48 p.
500 _a30 tables
650 _aMILHO
650 _aSORGO
650 _aLAVOURA
650 _aMECANIZACAO AGRICOLA
650 _aCUSTO DE PRODUCAO
650 _aMAQUINA AGRICOLA
650 _aMAO-DE-OBRA
650 _aINSUMO
650 _aCREDITO
650 _aPRODUTIVIDADE
650 _aRIO GRANDE DO SUL
909 _a202309
_bLucia
_c55
_dLucia Elande
942 _cBK
999 _c36122
_d36122